Statistiques concernant Les leaders mondiaux et leurs pays - 1995

Cliquez ici pour prendre le quiz!

Statistiques générales

  • Ce quiz a été pris 63 fois
  • Le résultat moyen est 17 sur 30

Statistiques - réponses

Pays Leader ce de pays % Correct
Roi Juan Carlos IEspagne
91%
CubaFidel Castro
91%
FranceFrancois Mitterrand
87%
Afrique du SudNelson Mandela
87%
IrakSaddam Hussein
84%
États-UnisBill Clinton
82%
Allemagne (Chancelier)Helmut Kohl
80%
Lech WałesaPologne
80%
Corée du NordKim Jong-il
73%
RussieBoris Eltsine
73%
Abdou DioufSenegal
71%
EgypteHosni Moubarak
64%
Alexander LukashenkoBielorussie
64%
Italie (PM)Silvio Berlusconi
64%
Jean-Bertrand AristideHaiti
62%
Jean-Luc DehaeneBelgique
62%
Hafez al-AssadSyrie
60%
Mobutu Sese SekoZaire
58%
Vigdis FinnbogadottirIslande
53%
Royaume-Uni (PM)John Major
47%
Paul BiyaCameroun
42%
TchèqueVaclav Havel
42%
Mary RobbinsonIrlande
40%
Alberto FujimoriPerou
38%
Nursultan NazarbayevKazakhstan
38%
IndonesieSuharto
27%
Liamine ZéroualAlgerie
27%
Japon (Monarque)Akihito
20%
Roi BirendraNepal
16%
ChineJiang Zemin
11%

Distribution des résultats

Percentile par nombre de réponses

% des personnes avec chaque résultat

Votre développement - résultats

Vous n’avez pas pris ce quiz